=LDR 00000nam 2200000 4500 =001 INLIS000000000058838 =005 20211013075544 =035 ##$$a 0010-1021000286 =007 ta =008 211013###########################0#ind## =020 ##$$a 979-8399-00-5 =082 ##$$a R.959.824 =084 ##$$a R.959.824 Pro p =245 ##$$a Profil Provinsi Republik Indonesia Jawa Barat /$c Drs. Soemargono.K.( Mayjen TNI Purn) =300 ##$$a 454 halaman : $b Ilustrasi ; $c 24 cm =651 #4$$a Jawa Barat - Sejarah =264 ##$$a jakarta :$b Yayasan Bhakti Wawasan Nusantara,$c 1992 =336 ##$$a teks$2 rdacontent =337 ##$$a lain-lain$2 rdamedia =338 ##$$a laia-lain$2 rdacarrier =990 ##$$a 18421842 =990 ##$$a 18421842